Market postponed as global lenders slow down (Record no. 80482)

MARC details
000 -LEADER
fixed length control field 00748cab a22001935a 4500
001 - CONTROL NUMBER
control field L144480
008 - FIXED-LENGTH DATA ELEMENTS--GENERAL INFORMATION
fixed length control field 080722s2008 xxk f 000 0 eng d
035 ## - SYSTEM CONTROL NUMBER
System control number (Sirsi) u144480
041 0# - LANGUAGE CODE
Language code of text/sound track or separate title eng
110 2# - MAIN ENTRY--CORPORATE NAME
Corporate name or jurisdiction name as entry element AsiaProperty
9 (RLIN) 5571
245 00 - TITLE STATEMENT
Title Market postponed as global lenders slow down
260 ## - PUBLICATION, DISTRIBUTION, ETC.
Date of publication, distribution, etc. 2008
490 #0 - SERIES STATEMENT
Series statement Asia Property
Volume/sequential designation April 2008, 31(1)
520 ## - SUMMARY, ETC.
Summary, etc. Explains that securitisation in Japan was just beginning when the credit crunch hit. Reports that the region still has growth potential, but that this will be delayed until after the international markets recover. Forecasts domestic, limited-asset deals.
590 ## - LOCAL NOTE (RLIN)
Local note KA
651 #4 - SUBJECT ADDED ENTRY--GEOGRAPHIC NAME
Geographic name Japan
690 ## - LOCAL SUBJECT ADDED ENTRY--TOPICAL TERM (OCLC, RLIN)
Topical term or geographic name as entry element PROPERTY-COMMERCIAL PROPERTY-COMMERCIAL PROPERTY MARKET
942 ## - ADDED ENTRY ELEMENTS (KOHA)
Suppress in OPAC 0
Holdings
Withdrawn status Lost status Source of classification or shelving scheme Damaged status Not for loan Home library Current library Shelving location Date acquired Total Checkouts Full call number Barcode Date last seen Copy number Price effective from Koha item type
    Dewey Decimal Classification     London London Journal article 22/07/2008   L144480 144480-1001 06/08/2019 1 06/08/2019 Journal article